01739pam a2200373Ia 4500001001100000003000800011006001900019007001500038008004100053010001700094020003700111020003700148020002700185020002700212040002100239035002000260050002400280100002300304245009500327260007500422300003300497504006400530505021600594533015200810650004000962650004001002651004501042651004501087651003001132651003201162655002901194710001701223856012501240ebr5003266CaPaEBRm u cr cn|||||||||970924s1998 enkab sb 001 0 eng d z 97041955  z0253333830 (Indiana Univ. : hbk) z0253211786 (Indiana Univ. : pbk) z1857284860 (UCL : hbk) z1857284879 (UCL : pbk) aCaPaEBRcCaPaEBR a(OCoLC)7075015314aDT21.5b.V36 1998eb1 aVandervort, Bruce.10aWars of imperial conquest in Africa, 1830-1914h[electronic resource] /cBruce Vandervort. aLondon :bUCL Press ;aBloomington :bIndiana University Press,c1998. axviii, 274 p. :bill., maps. aIncludes bibliographical references (p. 237-263) and index.0 a1. Lords of the land: Africa on the eve of conquest -- 2. Masters of the water: the European invaders -- 3. A shifting balance, 1830-80 -- 4. Flood tide, 1880-98 -- 5. Ominous portents, 1898-1914 -- 6. Legacies. aElectronic reproduction.bPalo Alto, Calif. :cebrary,d2013.nAvailable via World Wide Web.nAccess may be limited to ebrary affiliated libraries. 0aImperialismxHistoryy19th century. 0aImperialismxHistoryy20th century. 0aAfricaxHistory, Militaryy19th century. 0aAfricaxHistory, Militaryy20th century. 0aEuropexColonieszAfrica. 0aAfricaxColonial influence. 7aElectronic books.2local2 aebrary, Inc.40uhttp://site.ebrary.com/lib/rucke/Doc?id=5003266zAn electronic book accessible through the World Wide Web; click to view